Family Guy FAMILY Quiz Stats

Quiz not verified by Sporcle

Challenge
Share
Tweet
Embed
Score 0/60 Timer 09:00
0 Plays Today
Group Name % Correct
ImmediatePeter Griffin
97.2%
Immediate/PetBrian Griffin
97.2%
ImmediateLois Griffin
95.9%
ImmediateMeg Griffin
94%
ImmediateStewie Griffin
93.7%
ImmediateChris Griffin
92.1%
ExtendedCarter Pewterschmidt
58.9%
ExtendedBarbara Pewterschmidt
50%
ExtendedFrancis Griffin
47.8%
ExtendedBertram
39.6%
PetNew Brian
39.2%
ExtendedJasper
38.9%
ImmediateMickey McFinnigan
38.6%
ImmediateBitch-Stewie
32.9%
PetBitch-Brian
32.6%
ExtendedPatrick Pewterschmidt
32.3%
AncestorNathaniel 'Nate' Griffin
31.3%
ImmediateThelma Griffin
30.7%
ExtendedCarol Pewterschmidt
29.7%
ExtendedDylan Flannigan
27.2%
PetThe Pet Rock
21.5%
ExtendedStan Thomson
20.6%
ExtendedBiscuit
20.3%
AncestorMoses Griffin
18.7%
ImmediatePeter Griffin Jr
18%
ImmediateThaddeus Griffin
17.7%
AncestorJabba the Griffin
13.6%
ExtendedCoco
13.3%
ExtendedTracy Flannigan
13%
ExtendedRicardo
13%
Group Name % Correct
ExtendedStewie Cruise
12%
ExtendedPeter Hitler
11.7%
ExtendedMarguerite Pewterschmidt
11.4%
ExtendedPeter the Pig
11.4%
ExtendedWillie Black Eye Griffin
11.4%
AncestorUlysses S. Griffin
10.1%
AncestorGriffin Peterson
10.1%
AncestorPonce de Leon Griffin
8.9%
PetTodd Griffin
7.6%
AncestorHuck Griffin
7.3%
ExtendedKathy Griffin
6.6%
ExtendedLoka
6%
ExtendedRufus Griffin
5.7%
PetFluffy
5.7%
AncestorKing Arthur Griffin
5.4%
AncestorThomas Griffin
5.4%
ExtendedVanessa Griffin
5.4%
ExtendedQuark Griffin
4.7%
ExtendedElla Fitzgerald Griffin
4.7%
AncestorJuarez Griffin
4.7%
AncestorAngus Griffin
4.4%
AncestorOsias Griffin
4.4%
Ancestor (Bonus)Turn of the Century Take on All Comers Griffin
4.4%
AncestorSilas Pewterschmidt
3.2%
AncestorLois Laura Bush Lynn Cheney Pewterschmidt
3.2%
Ancestor (Bonus)Chief Grand Cherokee
2.8%
AncestorUr-Peter
2.2%
ExtendedJosiah Griffin
2.2%
ExtendedLillian Marie 'Lil' Pewterschmidt
1.6%
ExtendedGrandma Hebrewberg Pewterschmidt
1.3%

You're not logged in!

Compare scores with friends on all Sporcle quizzes.
Sign Up with Email
OR
Log In

You Might Also Like...

Show Comments

Extras

Top Quizzes Today


Score Distribution

Your Account Isn't Verified!

In order to create a playlist on Sporcle, you need to verify the email address you used during registration. Go to your Sporcle Settings to finish the process.

Report this User

Report this user for behavior that violates our Community Guidelines.

Details: